| 000 | 00502 a2200193 4500 | ||
|---|---|---|---|
| 001 | 138974 | ||
| 020 | _a9788535915471 | ||
| 040 | _cLeonardo Da Vinci | ||
| 041 | _aPortuguês | ||
| 082 |
_a869.93 T275s _bT275s |
||
| 100 | _aTELLES, Lygia Fagundes | ||
| 245 |
_aSeminário dos ratos _bcontos |
||
| 260 |
_bCompanhia das Letras _c2021 _aSão Paulo |
||
| 300 | _a183 | ||
| 362 | _a20210000 | ||
| 500 | _aNova edição revista pela autora | ||
| 697 |
_aLiteratura brasileira _aContos |
||
| 942 | _cBK | ||
| 999 |
_c138974 _d138974 |
||